| 000 | 00658nam a2200253Ia 4500 | ||
|---|---|---|---|
| 008 | 160216s9999 xx 000 0 und d | ||
| 020 | _a978-0-13-611350-8 | ||
| 050 | _aMAIN HF 1017 | ||
| 050 | _b.G76 2011 | ||
| 100 | _aGroebner, David B. | ||
| 245 | _aBusiness statistics : | ||
| 245 | _ba decision-making approach / | ||
| 245 | _cDavid B. Groebner. | ||
| 250 | _a8th Edition | ||
| 260 | _aNew Jersey : | ||
| 260 | _bPrentice Hall. | ||
| 260 | _c2011 | ||
| 300 | _a935 pages : | ||
| 300 | _bill. (some col.) ; | ||
| 300 | _c28 cm. | ||
| 500 | _aIncludes index. | ||
| 650 | _aCommercial statistics. | ||
| 650 | _aStatistical decision. | ||
| 999 |
_c290875 _d290875 |
||